Matemática: 4º medio. Cuaderno de ejercicios
Saved in:
| Main Authors: | , |
|---|---|
| Format: | Bog |
| Sprog: | spansk |
| Udgivet: |
Santiago
Arrayán
1998
|
| Udgivelse: | 8a. ed |
| Fag: | |
| Tags: |
Tilføj Tag
Ingen Tags, Vær først til at tagge denne postø!
|
MARC
| LEADER | 00000nam a2200000 a 4500 | ||
|---|---|---|---|
| 001 | UCP4328 | ||
| 003 | CL-VaPUC | ||
| 008 | 990724e19980000CL |||||||||||||||||spa|d | ||
| 082 | 0 | 4 | |a 510.0712 |b CAR |2 21 |
| 100 | 0 | |a Carreño Campos, Ximena |e author |9 431777 | |
| 700 | 0 | |a Cruz Sch., Ximena |e author |9 431778 | |
| 245 | 1 | 0 | |a Matemática: 4º medio. Cuaderno de ejercicios |
| 250 | |a 8a. ed | ||
| 300 | |a 42 p | ||
| 942 | |c BK | ||
| 945 | |d 19990724 00:00:00 |a crobeson | ||
| 260 | |a Santiago |b Arrayán |c 1998 | ||
| 650 | 0 | |a Matemática |9 260235 | |
| 650 | 0 | |a Matemáticas |x Enseñanza |9 875527 | |
| 650 | 0 | |a Libros de texto |9 270019 | |
| 583 | |a last modification |c 20170821 01:59:52 |k Rodrigo Vera | ||
| 999 | |c 282315 |d 282313 | ||
| 952 | |0 0 |1 0 |4 0 |6 510_071200000000000_CAR_1998 |7 0 |8 A |9 323964 |a BIBMAT |b BIBMAT |c E_DIDACT |d 2019-11-20 |i 1353632 |o 510.0712 CAR 1998 |p 1353632 |r 2025-01-07 |w 2019-11-20 |y BK |k MAT | ||